000 00290nam a22001337a 4500
008 170608b xxu||||| |||| 00| 0 eng d
020 _a489360
041 _aeng
080 _a327
100 _a18
101 _aSHP
245 _aPOWER AND INTERDEPENDENCE
_cKEOHANE, R.O
942 _2udc
_cBK
999 _c16445
_d16445